<?xml version="1.0" encoding="UTF-8"?>
<record
    xmlns:xsi="http://www.w3.org/2001/XMLSchema-instance"
    xsi:schemaLocation="http://www.loc.gov/MARC21/slim http://www.loc.gov/standards/marcxml/schema/MARC21slim.xsd"
    xmlns="http://www.loc.gov/MARC21/slim">

  <leader>     nam a22     7a 4500</leader>
  <datafield tag="999" ind1=" " ind2=" ">
    <subfield code="c">49265</subfield>
    <subfield code="d">49265</subfield>
  </datafield>
  <controlfield tag="003">OSt</controlfield>
  <controlfield tag="005">20191102112036.0</controlfield>
  <controlfield tag="008">191102b        xxu||||| |||| 00| 0 eng d</controlfield>
  <datafield tag="040" ind1=" " ind2=" ">
    <subfield code="c">sero soft</subfield>
  </datafield>
  <datafield tag="100" ind1=" " ind2=" ">
    <subfield code="a">Srivastava,o.p</subfield>
  </datafield>
  <datafield tag="245" ind1=" " ind2=" ">
    <subfield code="a">Principles of criminal Law</subfield>
  </datafield>
  <datafield tag="260" ind1=" " ind2=" ">
    <subfield code="a">Lucknow</subfield>
    <subfield code="b">EBC</subfield>
  </datafield>
  <datafield tag="300" ind1=" " ind2=" ">
    <subfield code="a">424</subfield>
  </datafield>
  <datafield tag="942" ind1=" " ind2=" ">
    <subfield code="2">ddc</subfield>
    <subfield code="c">02</subfield>
  </datafield>
  <datafield tag="952" ind1=" " ind2=" ">
    <subfield code="0">0</subfield>
    <subfield code="1">0</subfield>
    <subfield code="2">ddc</subfield>
    <subfield code="4">0</subfield>
    <subfield code="7">0</subfield>
    <subfield code="a">04</subfield>
    <subfield code="b">04</subfield>
    <subfield code="d">2019-11-02</subfield>
    <subfield code="e">Western Law House Meerut</subfield>
    <subfield code="g">375.00</subfield>
    <subfield code="i">0000140/19-14-10-19</subfield>
    <subfield code="l">5</subfield>
    <subfield code="p">04-B-7267</subfield>
    <subfield code="q">2024-01-30</subfield>
    <subfield code="r">2023-11-17</subfield>
    <subfield code="s">2023-11-17</subfield>
    <subfield code="w">2019-11-02</subfield>
    <subfield code="y">02</subfield>
  </datafield>
  <datafield tag="952" ind1=" " ind2=" ">
    <subfield code="0">0</subfield>
    <subfield code="1">0</subfield>
    <subfield code="2">ddc</subfield>
    <subfield code="4">0</subfield>
    <subfield code="7">0</subfield>
    <subfield code="a">04</subfield>
    <subfield code="b">04</subfield>
    <subfield code="d">2019-11-02</subfield>
    <subfield code="e">Western Law House Meerut</subfield>
    <subfield code="g">375.00</subfield>
    <subfield code="i">0000140/19-14-10-19</subfield>
    <subfield code="l">6</subfield>
    <subfield code="m">1</subfield>
    <subfield code="p">04-B-7268</subfield>
    <subfield code="r">2026-01-09</subfield>
    <subfield code="s">2025-09-10</subfield>
    <subfield code="w">2019-11-02</subfield>
    <subfield code="y">02</subfield>
  </datafield>
  <datafield tag="952" ind1=" " ind2=" ">
    <subfield code="0">0</subfield>
    <subfield code="1">0</subfield>
    <subfield code="2">ddc</subfield>
    <subfield code="4">0</subfield>
    <subfield code="7">0</subfield>
    <subfield code="a">04</subfield>
    <subfield code="b">04</subfield>
    <subfield code="d">2019-11-02</subfield>
    <subfield code="e">Western Law House Meerut</subfield>
    <subfield code="g">375.00</subfield>
    <subfield code="i">0000140/19-14-10-19</subfield>
    <subfield code="l">6</subfield>
    <subfield code="p">04-B-7269</subfield>
    <subfield code="r">2026-01-31</subfield>
    <subfield code="s">2025-08-27</subfield>
    <subfield code="w">2019-11-02</subfield>
    <subfield code="y">02</subfield>
  </datafield>
</record>
